01251 a2200205 45000010006000000050017000060080041000230030015000640400040000790800035001192450090001542640038002443000019002825050550003019420007008515900036008581000030008949990015009249520106009395420220260407155812.0260407a1969 arg spa dAR-UNSa-BCEJYS aAR-UNSa-BCEJYSbspacAR-UNSa-BCEJYS a330.4xEconomía matemática10aInvestigaciones acerca de los principios matemáticos de la teoría de las riquezas 1aMadrid :bAlianza Editorialc1969 a265 p.c19 cm. a1. Del valor de cambio, o de la riqueza en general – 2. De la variaciones del valor, absolutas y relativas – 3. Del cambio – 4. De la ley de la demanda – 5. Del monopolio – 6. De la influencia del impuesto sobre los bienes cuya producción monopolizada – 7. De la concurrencia de productores – 8. De la concurrencia ilimitada – 9. Del concurso de productores – 10. De la comunicación de los mercados – 11. De la renta social – 12. De las variaciones de la renta social, resultantes de la comunicación de los mercados.  cBK aniveau_biblio:m niveau_hierar:01 aCournot, Antoine-Augustin c5373d5373 00104070aBCEJYSbBCEJYSc16d2026-04-07l0o330.4 C858pL13246r2026-04-07 15:58:12w2026-04-07yL